[Event "4NCL/Div2d/ANGA vs. FCA1"]
[Site "Staverton Park ENG"]
[Date "2009.05.04"]
[Round "11.4"]
[White "Smith, Graham"]
[Black "Bucknell, Malcolm"]
[Result "1-0"]
[WhiteElo "2122"]
[BlackElo "2175"]
[PlyCount "87"]
[EventDate "2009.05.04"]
[SourceDate "2008.10.04"]

1. d4 Nf6 2. c4 c5 3. d5 e6 4. Nc3 exd5 5. cxd5 d6 6. e4 g6 7. f4 a6 8. a4 Bg7
9. Nf3 O-O 10. Bd3 Re8 11. O-O Bg4 12. h3 Bxf3 13. Qxf3 Nbd7 14. g4 c4 15. Bc2
Rb8 16. a5 Qe7 17. Be3 Rec8 18. Ba7 Ra8 19. Bf2 Ne8 20. Rfe1 Nc7 21. Ba4 Nb5
22. Bxb5 axb5 23. Nxb5 Bxb2 24. Ra2 Bg7 25. Qa3 Bf8 26. Qc3 Bg7 27. Qa3 Bf8 28.
Qb4 g5 29. Nd4 gxf4 30. Nf5 Qf6 31. Bh4 Qg6 32. Qxb7 Ne5 33. Rf1 c3 34. a6 Nd3
35. a7 Nc5 36. Qxc8 Rxc8 37. a8=Q Rxa8 38. Rxa8 c2 39. Ne7+ Kg7 40. Nxg6 Nd3
41. Nxf8 c1=Q 42. Rxc1 Nxc1 43. Nd7 Ne2+ 44. Kf2 1-0

[Event "4NCL/Div2d/ANGA vs. FCA1"]
[Site "Staverton Park ENG"]
[Date "2009.05.04"]
[Round "11.5"]
[White "Gray, Mark S"]
[Black "Habershon, Paul"]
[Result "1/2-1/2"]
[WhiteElo "2125"]
[BlackElo "2081"]
[PlyCount "47"]
[EventDate "2009.05.04"]
[SourceDate "2008.10.04"]

1. e4 e6 2. d4 d5 3. Nd2 a6 4. Ngf3 c5 5. exd5 exd5 6. dxc5 Bxc5 7. Nb3 Bd6 8.
Bd3 Nf6 9. O-O O-O 10. h3 h6 11. Be3 Nc6 12. c3 Re8 13. Nbd4 Ne4 14. Bc2 Qf6
15. Nxc6 bxc6 16. Bd4 Qe7 17. c4 c5 18. cxd5 cxd4 19. Bxe4 Qf6 20. Bc2 Bb7 21.
Qxd4 Qxd4 22. Nxd4 Bxd5 23. Bb3 Bxb3 24. Nxb3 1/2-1/2

[Event "4NCL/Div2d/ANGA vs. FCA1"]
[Site "Staverton Park ENG"]
[Date "2009.05.04"]
[Round "11.6"]
[White "Reuben, Stewart"]
[Black "Gregory, Stephen J"]
[Result "1-0"]
[WhiteElo "2102"]
[BlackElo "2163"]
[PlyCount "111"]
[EventDate "2009.05.04"]
[SourceDate "2008.10.04"]

1. c4 Nf6 2. Nc3 Nc6 3. d4 e5 4. Nf3 d6 5. dxe5 Nxe5 6. Nxe5 dxe5 7. Qxd8+ Kxd8
8. Bg5 c6 9. e3 Kc7 10. Bd3 Bb4 11. Rc1 Be6 12. Ke2 Bxc3 13. Rxc3 Nd7 14. c5 f6
15. Bh4 b6 16. cxb6+ axb6 17. a3 Nc5 18. Rhc1 Bd5 19. Bc4 Kb7 20. f3 g5 21. Bf2
Rhd8 22. Bxd5 cxd5 23. b4 Ne6 24. Rc6 Rdc8 25. Rxc8 Rxc8 26. Rxc8 Kxc8 27. a4
Kc7 28. Kd3 Kc6 29. g3 f5 30. Be1 h5 31. Bc3 e4+ 32. fxe4 fxe4+ 33. Kc2 g4 34.
Bf6 Nf8 35. Kc3 Nd7 36. Bg7 Kd6 37. Kd4 Ke6 38. Bh8 Nb8 39. b5 Nd7 40. Kc3 Nc5
41. Bd4 Nd7 42. Kb4 Kd6 43. a5 bxa5+ 44. Kxa5 Kc7 45. Ka6 Nb8+ 46. Ka7 Nd7 47.
b6+ Kc6 48. b7 Kb5 49. b8=Q+ Nxb8 50. Kxb8 Kc4 51. Kc7 Kd3 52. Kd6 Ke2 53. Kxd5
Kf3 54. Ke5 Kg2 55. Kxe4 Kxh2 56. Kf4 1-0

[Event "4NCL/Div2d/ANGA vs. FCA1"]
[Site "Staverton Park ENG"]
[Date "2009.05.04"]
[Round "11.7"]
[White "Wallis, Ian"]
[Black "Ioannides, Milton"]
[Result "1-0"]
[WhiteElo "1962"]
[BlackElo "2076"]
[PlyCount "64"]
[EventDate "2009.05.04"]
[SourceDate "2008.10.04"]

1. e4 c5 2. Nf3 d6 3. d4 cxd4 4. Nxd4 Nf6 5. Nc3 a6 6. Bg5 e6 7. f4 Be7 8. Qf3
Nbd7 9. O-O-O Qc7 10. g4 b5 11. Bxf6 Nxf6 12. g5 Nd7 13. f5 Bxg5+ 14. Kb1 Ne5
15. Qh5 Qe7 16. fxe6 g6 17. exf7+ Kxf7 18. Qe2 Be6 19. Nd5 Bxd5 20. exd5 Rhe8
21. Ne6 Kg8 22. Qe1 Rac8 23. Be2 Bh4 24. Qb4 Nc4 25. Bxc4 Rxc4 26. Qd2 Bf6 27.
Rhf1 Be5 28. Rf3 Rh4 29. Rdf1 Rxh2 30. Qg5 h6 31. Qxg6+ Bg7 32. Rf7 Qxf7 1-0

[Event "4NCL/Div2d/ANGA vs. FCA1"]
[Site "Staverton Park ENG"]
[Date "2009.05.04"]
[Round "11.8"]
[White "Evans, Helen"]
[Black "Boulton, William"]
[Result "0-1"]
[WhiteElo "1745"]
[BlackElo "1990"]
[PlyCount "46"]
[EventDate "2009.05.04"]
[SourceDate "2008.10.04"]

1. e4 e5 2. Nc3 Nf6 3. Bc4 Bc5 4. d3 Nc6 5. f4 d6 6. Nf3 Bg4 7. Na4 Bxf3 8.
Qxf3 Nd4 9. Qd1 Qe7 10. Nxc5 dxc5 11. c3 Nc6 12. O-O O-O-O 13. Qe2 a6 14. Be3
Rd7 15. d4 exd4 16. Bxa6 Nb8 17. Bxb7+ Kxb7 18. Qb5+ Kc8 19. cxd4 Qxe4 20. dxc5
Qxe3+ 21. Kh1 Qe4 22. Rae1 Qc6 23. Qc4 Rd2 0-1

[Event "4NCL/Div2d/WES2 vs. SWD2"]
[Site "Staverton Park ENG"]
[Date "2009.05.04"]
[Round "11.1"]
[White "Gregory, Keith D"]
[Black "Brown, Alan M"]
[Result "1/2-1/2"]
[WhiteElo "2057"]
[BlackElo "2116"]
[PlyCount "37"]
[EventDate "2009.05.04"]
[SourceDate "2008.10.04"]

1. Nf3 Nf6 2. c4 c5 3. g3 b6 4. Bg2 Bb7 5. O-O g6 6. b3 Bg7 7. Bb2 O-O 8. d3 d5
9. Nbd2 Nc6 10. Qc2 Rc8 11. Rad1 Qc7 12. Qb1 Rcd8 13. a3 d4 14. b4 e5 15. Ne1
Rfe8 16. Nc2 Bf8 17. Bc1 Rb8 18. e4 Nh5 19. Rde1 1/2-1/2

[Event "4NCL/Div2d/WES2 vs. SWD2"]
[Site "Staverton Park ENG"]
[Date "2009.05.04"]
[Round "11.2"]
[White "Miles, Richard"]
[Black "Buchkremer, Felix"]
[Result "0-1"]
[WhiteElo "2067"]
[BlackElo "2076"]
[PlyCount "60"]
[EventDate "2009.05.04"]
[SourceDate "2008.10.04"]

1. d4 f5 2. Bg5 g6 3. Nc3 Bg7 4. e4 fxe4 5. Nxe4 d5 6. Ng3 Nh6 7. Nf3 Nc6 8.
Bb5 Nf7 9. Bf4 O-O 10. Bxc6 bxc6 11. Qd2 Bg4 12. Ng5 Nd6 13. Bxd6 cxd6 14. h3
Bd7 15. Nf3 e5 16. dxe5 dxe5 17. O-O e4 18. Nd4 Qh4 19. Nde2 Rae8 20. Qe3 Rf7
21. c3 Ref8 22. Qxa7 Bxh3 23. Qc5 Bd7 24. a4 Be5 25. a5 Bg4 26. Qe3 Bb8 27. a6
Bxe2 28. Qxe2 Ba7 29. Nh1 Rf5 30. g4 Rf3 0-1

[Event "4NCL/Div2d/WES2 vs. SWD2"]
[Site "Staverton Park ENG"]
[Date "2009.05.04"]
[Round "11.3"]
[White "Tunks, Dominic"]
[Black "Burton, Graham P"]
[Result "1-0"]
[WhiteElo "2013"]
[BlackElo "2059"]
[PlyCount "75"]
[EventDate "2009.05.04"]
[SourceDate "2008.10.04"]

1. e4 c5 2. Nf3 e6 3. d3 Nc6 4. c3 d5 5. Nbd2 Nge7 6. Qc2 g6 7. Be2 Bg7 8. O-O
O-O 9. Re1 b6 10. Bf1 Bb7 11. g3 Rc8 12. b3 e5 13. Bb2 Qc7 14. Rac1 h6 15. b4
cxb4 16. cxb4 Qd7 17. Qa4 a6 18. Qb3 dxe4 19. Nxe4 Nd4 20. Nxd4 exd4 21. a4 Bd5
22. Qd1 Rxc1 23. Bxc1 f5 24. Nd2 Nc6 25. b5 axb5 26. axb5 Ne5 27. Nc4 Bxc4 28.
dxc4 d3 29. Bf4 Re8 30. Re3 Nxc4 31. Rxe8+ Qxe8 32. Qxd3 Nb2 33. Qc2 Kh7 34.
Qc6 Qd8 35. Bc7 Qd2 36. Bxb6 Nd3 37. Be3 f4 38. Bxd2 1-0

[Event "4NCL/Div2d/WES2 vs. SWD2"]
[Site "Staverton Park ENG"]
[Date "2009.05.04"]
[Round "11.4"]
[White "Mort, Andrew J"]
[Black "Taylor-Bowd, Phil"]
[Result "1/2-1/2"]
[WhiteElo "2015"]
[BlackElo "2037"]
[PlyCount "50"]
[EventDate "2009.05.04"]
[SourceDate "2008.10.04"]

1. c4 d6 2. Nc3 e5 3. g3 f5 4. Bg2 Nc6 5. e3 Nf6 6. Nge2 Be7 7. d4 O-O 8. O-O
Qe8 9. Nd5 Bd8 10. b3 Ne7 11. Bb2 Nexd5 12. cxd5 e4 13. Nc3 b5 14. b4 Bb7 15.
Re1 Bxd5 16. Nxd5 Nxd5 17. Qb3 c6 18. a4 Rb8 19. axb5 Rxb5 20. Rxa7 Rxb4 21.
Qa2 Be7 22. Ba3 Rb6 23. f3 Kh8 24. fxe4 Qb8 25. Bxd6 Bxd6 1/2-1/2

[Event "4NCL/Div2d/WES2 vs. SWD2"]
[Site "Staverton Park ENG"]
[Date "2009.05.04"]
[Round "11.5"]
[White "Clark, Ian C"]
[Black "Bennion, David A"]
[Result "0-1"]
[WhiteElo "2093"]
[BlackElo "2030"]
[PlyCount "82"]
[EventDate "2009.05.04"]
[SourceDate "2008.10.04"]

1. e4 e5 2. f4 exf4 3. Bc4 Nc6 4. Nf3 d6 5. d4 g5 6. O-O g4 7. Bxf4 gxf3 8.
Qxf3 Qf6 9. e5 dxe5 10. dxe5 Qg6 11. Nc3 Be6 12. Bxe6 fxe6 13. Rad1 Bc5+ 14.
Kh1 Rd8 15. Ne4 Rxd1 16. Rxd1 Be7 17. Qd3 Kf8 18. Rf1 Kg7 19. Rf3 Qf5 20. Bh6+
Nxh6 21. Rxf5 Nxf5 22. g4 Rd8 23. Qe2 Ncd4 24. Qf2 Bh4 25. Ng3 Nxg3+ 26. hxg3
Bg5 27. b4 Nc6 28. Qc5 Rd5 29. Qc4 Rxe5 30. b5 Ne7 31. Qxc7 Rxb5 32. a4 Rb1+
33. Kg2 Kg6 34. Qe5 Rb6 35. Qe4+ Kg7 36. a5 Rc6 37. Qd4+ Bf6 38. Qxa7 Rxc2+ 39.
Kf3 Rb2 40. Qe3 Nc6 41. g5 Rb3 0-1

[Event "4NCL/Div2d/WES2 vs. SWD2"]
[Site "Staverton Park ENG"]
[Date "2009.05.04"]
[Round "11.6"]
[White "Dixon, Chris"]
[Black "Pleasants, Allan J"]
[Result "1-0"]
[WhiteElo "1895"]
[BlackElo "2088"]
[PlyCount "89"]
[EventDate "2009.05.04"]
[SourceDate "2008.10.04"]

1. e4 c5 2. Nc3 Nc6 3. g3 g6 4. Bg2 Bg7 5. d3 d6 6. f4 e6 7. Nf3 Nge7 8. O-O
O-O 9. Be3 Nd4 10. e5 Nef5 11. Bf2 Bd7 12. Ne4 Rc8 13. Nxd4 cxd4 14. g4 d5 15.
Nf6+ Bxf6 16. gxf5 Be7 17. f6 Bc5 18. Qg4 Qc7 19. Qh4 Rfd8 20. Be1 Bf8 21. Rc1
Qb6 22. b3 Rc7 23. Rf3 Rdc8 24. Rh3 h6 25. Qf2 Qc5 26. Qd2 Kh7 27. a4 Qa3 28.
Bf3 Qa2 29. Bd1 b5 30. axb5 Bxb5 31. Bh4 Ba3 32. Bg5 Rh8 33. Rxh6+ Kg8 34.
Rxh8+ Kxh8 35. Qa5 Rb7 36. Qe1 Qb2 37. Qh4+ Kg8 38. f5 exf5 39. Bh6 Bf8 40. Bf3
Rc7 41. Rf1 Qa3 42. Bxd5 Bc6 43. Bg7 Bxg7 44. fxg7 Kxg7 45. Qf6+ 1-0

[Event "4NCL/Div2d/WES2 vs. SWD2"]
[Site "Staverton Park ENG"]
[Date "2009.05.04"]
[Round "11.7"]
[White "Coburn, Joe"]
[Black "Davies, G Brian"]
[Result "1/2-1/2"]
[WhiteElo "1950"]
[BlackElo "1833"]
[PlyCount "106"]
[EventDate "2009.05.04"]
[SourceDate "2008.10.04"]

1. d4 d6 2. e4 Nf6 3. Nc3 e5 4. dxe5 dxe5 5. Qxd8+ Kxd8 6. Bc4 Be6 7. Bxe6 fxe6
8. Nf3 Bd6 9. Bg5 Nc6 10. O-O-O Ke7 11. a3 a6 12. h3 b5 13. Rhe1 Rhb8 14. Nb1
a5 15. Nfd2 a4 16. f3 b4 17. Nc4 bxa3 18. Nbxa3 Na5 19. Nxd6 cxd6 20. Bd2 Ne8
21. Bc3 Nc6 22. Re2 Rd8 23. Rd3 Rab8 24. Be1 Rdc8 25. Rc3 Nd4 26. Ree3 Kd7 27.
Rxc8 Rxc8 28. Bc3 Nf6 29. Kb1 Nh5 30. Rd3 Nf4 31. Rd2 Nfe2 32. Bxd4 Nxd4 33. c3
Nb3 34. Rd1 Rc5 35. Nc2 Na5 36. Ka2 Nc4 37. Nb4 Rb5 38. b3 axb3+ 39. Kxb3 Nb6
40. Ra1 Nc8 41. c4 Rb7 42. Ra8 h6 43. h4 Ra7 44. Rxa7+ Nxa7 45. Nd3 Nc6 46. Ka4
Ke7 47. Kb5 Nd4+ 48. Kb6 g5 49. hxg5 hxg5 50. Kc7 Nb3 51. Nb4 Nd2 52. Nc6+ Kf6
53. Kxd6 Nxc4+ 1/2-1/2

[Event "4NCL/Div2d/WES2 vs. SWD2"]
[Site "Staverton Park ENG"]
[Date "2009.05.04"]
[Round "11.8"]
[White "Menon, Davin"]
[Black "Daley, John-James"]
[Result "1-0"]
[WhiteElo "1564"]
[BlackElo "1500"]
[PlyCount "83"]
[EventDate "2009.05.04"]
[SourceDate "2008.10.04"]

1. e4 c5 2. Nc3 g6 3. f4 Bg7 4. Nf3 Nc6 5. Bb5 e6 6. O-O Nge7 7. d3 O-O 8. Qe1
a6 9. Bxc6 Nxc6 10. Kh1 d5 11. e5 Nb4 12. Qf2 Qe7 13. a3 Nc6 14. Na4 c4 15. Nb6
Rb8 16. dxc4 dxc4 17. Nxc4 b5 18. Nd6 Nd8 19. Be3 Nb7 20. Nxb7 Bxb7 21. Bc5 Qc7
22. Bxf8 Rxf8 23. c3 Qc4 24. Qd4 Qe2 25. Rf2 Qe4 26. Qxe4 Bxe4 27. Ng5 Bf5 28.
Rd1 h6 29. Nf3 Kh7 30. Rd6 Ra8 31. Rfd2 f6 32. Rd8 Rxd8 33. Rxd8 Bg4 34. Rd7 h5
35. exf6 Bxf3 36. Rxg7+ Kh8 37. gxf3 a5 38. Rxg6 h4 39. f7 Kh7 40. Rg4 h3 41.
f8=Q b4 42. Qg7# 1-0

[Event "4NCL/Div2d/BRJ vs. CELT1"]
[Site "Staverton Park ENG"]
[Date "2009.05.04"]
[Round "11.1"]
[White "Headlong, Timothy"]
[Black "Wippermann, Till"]
[Result "0-1"]
[WhiteElo "2190"]
[BlackElo "2434"]
[PlyCount "76"]
[EventDate "2009.05.04"]
[SourceDate "2008.10.04"]

1. Nf3 Nf6 2. c4 e6 3. g3 d5 4. Bg2 dxc4 5. Qa4+ Bd7 6. Qxc4 Bc6 7. O-O Bd6 8.
d4 O-O 9. Nc3 Nbd7 10. Rd1 Qe7 11. Bf4 Nd5 12. Bxd6 cxd6 13. Qd3 f5 14. Nxd5
Bxd5 15. Ne1 Nf6 16. Bxd5 Nxd5 17. e4 fxe4 18. Qxe4 Rac8 19. Rac1 Qf6 20. Nd3
Qf5 21. Qxf5 exf5 22. a3 Kf7 23. Kg2 Ke6 24. h4 Rc6 25. Rxc6 bxc6 26. Rc1 Kd7
27. Rc4 Nb6 28. Rc1 Re8 29. Kf3 a5 30. Re1 Rxe1 31. Nxe1 Nc4 32. Nd3 a4 33. Kf4
Ke6 34. Nb4 Nxb2 35. Nxc6 Nc4 36. d5+ Kf6 37. f3 h6 38. Nd4 g5+ 0-1

[Event "4NCL/Div2d/BRJ vs. CELT1"]
[Site "Staverton Park ENG"]
[Date "2009.05.04"]
[Round "11.2"]
[White "Hoffmann, Hendrik"]
[Black "Richmond, Peter A"]
[Result "1-0"]
[WhiteElo "2210"]
[BlackElo "2249"]
[PlyCount "45"]
[EventDate "2009.05.04"]
[SourceDate "2008.10.04"]

1. e4 c5 2. Nf3 Nf6 3. e5 Nd5 4. c3 e6 5. d4 cxd4 6. cxd4 b6 7. Nc3 Nxc3 8.
bxc3 Qc7 9. Bd2 d6 10. Bd3 Bb7 11. O-O Nd7 12. Ng5 dxe5 13. f4 exd4 14. cxd4
Qd6 15. Qh5 g6 16. Qh3 Bg7 17. Rae1 Bd5 18. f5 Bxd4+ 19. Kh1 e5 20. Nf3 O-O-O
21. Nxd4 exd4 22. Bf4 Qc6 23. Ba6+ 1-0

[Event "4NCL/Div2d/BRJ vs. CELT1"]
[Site "Staverton Park ENG"]
[Date "2009.05.04"]
[Round "11.3"]
[White "Hall, Daniel J"]
[Black "Pedersen, Carsten"]
[Result "1-0"]
[WhiteElo "2132"]
[BlackElo "2167"]
[PlyCount "67"]
[EventDate "2009.05.04"]
[SourceDate "2008.10.04"]

1. e4 e6 2. d4 d5 3. Nc3 Bb4 4. e5 c5 5. Bd2 Ne7 6. Nb5 Bxd2+ 7. Qxd2 O-O 8.
dxc5 Nd7 9. Qc3 a6 10. Nd6 Qc7 11. f4 f6 12. Nf3 fxe5 13. fxe5 Qxc5 14. Qxc5
Nxc5 15. Bd3 Nc6 16. Kd2 h6 17. Rae1 Bd7 18. Rhf1 b5 19. Bg6 b4 20. h3 Rab8 21.
g3 Nb7 22. g4 Nc5 23. g5 hxg5 24. Nxg5 Rxf1 25. Rxf1 Nxe5 26. Bh7+ Kh8 27. Rf4
g6 28. Ndf7+ Nxf7 29. Rxf7 Be8 30. Rf8+ Kg7 31. Rg8+ Kh6 32. h4 Rc8 33. Bxg6
Bd7 34. Nf7# 1-0

[Event "4NCL/Div2d/BRJ vs. CELT1"]
[Site "Staverton Park ENG"]
[Date "2009.05.04"]
[Round "11.4"]
[White "Haldane, Robin"]
[Black "Girdlestone, Paul"]
[Result "1/2-1/2"]
[WhiteElo "2155"]
[BlackElo "2130"]
[PlyCount "86"]
[EventDate "2009.05.04"]
[SourceDate "2008.10.04"]

1. e4 e5 2. Nf3 Nc6 3. d4 exd4 4. c3 dxc3 5. Bc4 Nf6 6. Nxc3 Bb4 7. e5 d5 8.
exf6 dxc4 9. Qxd8+ Nxd8 10. fxg7 Rg8 11. Bh6 Ne6 12. O-O-O Bxc3 13. bxc3 Nxg7
14. Rhe1+ Be6 15. g4 Ke7 16. Nd4 Kf6 17. Bf4 Bxg4 18. Be5+ Kg5 19. Rg1 f6 20.
Bxc7 Ne8 21. Rxg4+ Kxg4 22. Rg1+ Kh3 23. Rxg8 Nxc7 24. Rg3+ Kh4 25. Rg7 Nd5 26.
Rxh7+ Kg4 27. Kd2 b5 28. Rd7 Nf4 29. Rg7+ Kh5 30. Rb7 a6 31. Rb6 Kg6 32. Rd6
Nd3 33. Ke3 Re8+ 34. Kf3 b4 35. cxb4 c3 36. Nc2 Ne5+ 37. Kg2 Kf5 38. Rxa6 Rg8+
39. Kf1 Ke4 40. Ke2 Rd8 41. Ne1 Rd2+ 42. Kf1 Rd1 43. Ke2 Rd2+ 1/2-1/2

[Event "4NCL/Div2d/BRJ vs. CELT1"]
[Site "Staverton Park ENG"]
[Date "2009.05.04"]
[Round "11.5"]
[White "Haydon, Richard"]
[Black "Mueller, Jan"]
[Result "1-0"]
[WhiteElo "2189"]
[BlackElo "2118"]
[PlyCount "65"]
[EventDate "2009.05.04"]
[SourceDate "2008.10.04"]

1. Nf3 c5 2. g3 b6 3. Bg2 Bb7 4. O-O Nf6 5. d3 e6 6. e4 d6 7. Nc3 Nbd7 8. Ng5
Be7 9. f4 a6 10. e5 Nd5 11. Nxd5 Bxg5 12. fxg5 exd5 13. exd6 O-O 14. Bf4 Ra7
15. d4 c4 16. c3 Re8 17. Qd2 Nf8 18. h4 Bc6 19. Be5 b5 20. Rf2 Ng6 21. Re1 a5
22. h5 Nf8 23. Ref1 Ne6 24. Rf5 Qb6 25. h6 b4 26. hxg7 bxc3 27. bxc3 Rb7 28.
Qf2 Qa7 29. Bf3 Rd8 30. Qh2 a4 31. Qh6 Qa8 32. Bh5 Be8 33. g6 1-0

[Event "4NCL/Div2d/BRJ vs. CELT1"]
[Site "Staverton Park ENG"]
[Date "2009.05.04"]
[Round "11.6"]
[White "Thomas, Robert K"]
[Black "Cabero, Pablo Padilla"]
[Result "1-0"]
[WhiteElo "2155"]
[BlackElo "2168"]
[PlyCount "87"]
[EventDate "2009.05.04"]
[SourceDate "2008.10.04"]

1. d4 d5 2. c4 e6 3. Nc3 f5 4. g3 Be7 5. Bg2 c6 6. Nf3 Na6 7. O-O Nc7 8. Qd3
Nf6 9. Ne5 O-O 10. Be3 Nfe8 11. Rab1 Nd6 12. c5 Nf7 13. Nxf7 Rxf7 14. b4 Bf6
15. Bf4 g5 16. Be5 Bxe5 17. dxe5 Na6 18. e4 f4 19. Bf3 Qe7 20. Bh5 Rg7 21. Kh1
Bd7 22. gxf4 gxf4 23. Rg1 Qh4 24. Qf3 Rf8 25. Rxg7+ Kxg7 26. a3 Kh6 27. Bg4 Nc7
28. Rg1 dxe4 29. Nxe4 Nd5 30. Bh3 Qe7 31. Nf6 Rxf6 32. exf6 Qxf6 33. Bg4 Qh4
34. Re1 Be8 35. Rxe6+ Bg6 36. Bf5 Nc7 37. Re5 Bh5 38. Qh3 Qf6 39. Re1 Qd4 40.
Bg4 Qd5+ 41. f3 a5 42. Qxh5+ Qxh5 43. Bxh5 Kxh5 44. Re7 1-0

[Event "4NCL/Div2d/BRJ vs. CELT1"]
[Site "Staverton Park ENG"]
[Date "2009.05.04"]
[Round "11.7"]
[White "Richmond, Jane"]
[Black "French, Angus"]
[Result "1-0"]
[WhiteElo "2124"]
[BlackElo "2124"]
[PlyCount "85"]
[EventDate "2009.05.04"]
[SourceDate "2008.10.04"]

1. d4 d5 2. Nc3 Nf6 3. Bg5 Nbd7 4. e3 h6 5. Bh4 c6 6. Nf3 g5 7. Bg3 Bg7 8. Ne5
Ne4 9. Nxe4 dxe4 10. Nxd7 Bxd7 11. Bc4 h5 12. h4 g4 13. c3 b5 14. Bb3 Bf5 15.
a4 a6 16. Qb1 e6 17. Qa2 O-O 18. axb5 axb5 19. Qxa8 Qxa8 20. Rxa8 Rxa8 21. Kd2
Bf8 22. Re1 c5 23. dxc5 Bxc5 24. Kc2 Kf8 25. Rd1 Ke7 26. Be5 f6 27. Bd4 Bd6 28.
Bxf6+ Kxf6 29. Rxd6 Rb8 30. g3 Ke7 31. Rd4 Rb6 32. Rb4 Kd6 33. c4 Kc5 34. Rxb5+
Rxb5 35. cxb5 Kxb5 36. Kc3 Kc5 37. Bc4 Kd6 38. Kb4 Bg6 39. Kb5 Be8+ 40. Kb6 Bd7
41. b4 Bc8 42. Ba6 Bd7 43. Bb7 1-0

[Event "4NCL/Div2d/BRJ vs. CELT1"]
[Site "Staverton Park ENG"]
[Date "2009.05.04"]
[Round "11.8"]
[White "Owens, Megan"]
[Black "Rabbitt, Michael"]
[Result "0-1"]
[WhiteElo "1738"]
[BlackElo "2025"]
[PlyCount "74"]
[EventDate "2009.05.04"]
[SourceDate "2008.10.04"]

1. d4 Nf6 2. c4 g6 3. Nc3 Bg7 4. e4 d6 5. Nf3 O-O 6. Be2 e5 7. dxe5 dxe5 8.
Qxd8 Rxd8 9. Bg5 Re8 10. Bxf6 Bxf6 11. Nd5 Bd8 12. O-O-O c6 13. Nc3 Nd7 14. Nd2
a5 15. Kc2 Nc5 16. h4 h5 17. f3 Ne6 18. g4 Nd4+ 19. Kb1 hxg4 20. Rdg1 gxf3 21.
Nxf3 Nxf3 22. Bxf3 Bb6 23. Rg2 Be3 24. h5 g5 25. Re1 Bf4 26. Ne2 f6 27. Bg4 Kh7
28. Rd1 Bxg4 29. Rxg4 Rad8 30. Rgg1 Kh6 31. Rh1 Rh8 32. Kc2 g4 33. b3 Kg5 34.
Rxd8 Rxd8 35. h6 g3 36. h7 Rh8 37. Kd1 Kg4 0-1